Paní Beata a její syn /
Uložené v:
| Hlavný autor: | |
|---|---|
| Ďalší autori: | |
| Médium: | Kniha |
| Jazyk: | Czech German |
| Vydané: |
Praha :
Nakladatel Jan Kotík, kníhkupec Smíchov,
1917.
|
| Témy: | |
| ISBN: |
(viaz.) |
| Fyzický popis: |
104 s. ; 18 cm. Knihtiskárna Antonína Reise |
| Tagy: |
Pridať tag
Žiadne tagy, Buďte prvý kto otaguje tento záznam!
|
Titul je dostupný aj v ... 

MARC
| LEADER | 00000nam a22000007a 4500 | ||
|---|---|---|---|
| 001 | 000402913 | ||
| 005 | 20140505180517.0 | ||
| 008 | 060717s1917 xr g |000 f cze d | ||
| 020 | |a (viaz.) | ||
| 040 | |a SVKKK |b slo |c SVKKK |e AACR2 | ||
| 041 | 1 | |a cze |h ger | |
| 044 | |a xr |c CZ | ||
| 080 | |a 821.112.2(436)-32 |2 2001 | ||
| 080 | |a (0:82-32) |2 2001 | ||
| 100 | 1 | |a Schnitzler, Arthur, |d 1862-1931 |4 aut | |
| 245 | 1 | 0 | |a Paní Beata a její syn / |c Arthur Schnitzler ; se spisovatelovým souhlasem přeložil Josef Žemla. |
| 260 | |a Praha : |b Nakladatel Jan Kotík, kníhkupec Smíchov, |c 1917. | ||
| 300 | |a 104 s. ; |c 18 cm. |f Knihtiskárna Antonína Reise | ||
| 500 | |a Preklad z nemčiny | ||
| 655 | 7 | |a rakúske novely |2 SVKKKPH | |
| 700 | 1 | |a Žemla, Josef, |d 1884-1954 |4 trl | |
| 910 | |a svkkk | ||
| 998 | |a BK | ||
| 090 | |g SCKHL |k Sklad Hlavná 10 suterén |a I.37202 |j 419598 |i 2720635556 |s Prezenčne | ||